[Event "Bad Zwesten op 7th"]
[Site "Bad Zwesten"]
[Date "2003.??.??"]
[Round "8"]
[White "Schwoebel, Ann Kathrin"]
[Black "Dzierzbicki, Andrzej"]
[Result "0-1"]
[WhiteElo "976"]
[BlackElo "1446"]
[PlyCount "46"]
[EventDate "2003.01.02"]
[EventType "swiss"]
[EventRounds "9"]
[EventCountry "GER"]
[SourceTitle "CBM 092 Extra"]
[Source "ChessBase"]
[SourceDate "2003.03.07"]
[SourceVersion "1"]
[SourceVersionDate "2003.03.07"]
[SourceQuality "1"]

1. d4 d5 2. Nf3 Nd7 3. c4 b6 4. Nc3 dxc4 5. Bf4 c6 6. e3 e6 7. Bxc4 b5 8. Bd3 Be7 9. 0-0 Ngf6 10. h3 0-0 11. Re1 Bb7 12. e4 b4 13. Ne2 c5 14. Rc1 Rc8 15. Qc2 Nb6 16. Red1 c4 17. Bxc4 Rxc4 18. Qd3 Bxe4 19. Qe3 Nbd5 20. Qb3 Rxc1 21. Rxc1 Nxf4 22. Nxf4 Bxf3 23. Qxf3 Qxd4 0-1